Evidence, argument, and persuasion in the policy process /

Bibliographic Details
Main Author: Majone, Giandomenico
Format: Book
Language:English
Published: New Haven : Yale University Press, [1989]
Subjects:

MARC

Tag First Indicator Second Indicator Subfields
LEADER 00000cam a2200000 a 4500
001 in00000770421
005 20151017053027.0
008 880614s1989 ctu b 00110 eng
010 |a  88021677  
020 |a 0300041594 (alk. paper) 
035 |a (OCoLC)18164384 
035 |9 ADL2753AM 
040 |a DLC  |c DLC  |d TXA  |d UtOrBLW 
049 |a TXAM  |c [A11878528] 
050 0 0 |a H97  |b .M36 1989 
082 0 |a 361.6/1  |2 19 
100 1 |a Majone, Giandomenico. 
245 1 0 |a Evidence, argument, and persuasion in the policy process /  |c Giandomenico Majone. 
264 1 |a New Haven :  |b Yale University Press,  |c [1989] 
264 4 |c ©1989 
300 |a xiii, 190 pages ;  |c 22 cm. 
336 |a text  |b txt  |2 rdacontent 
337 |a unmediated  |b n  |2 rdamedia 
338 |a volume  |b nc  |2 rdacarrier 
504 |a Includes bibliographical references and index. 
650 0 |a Policy sciences. 
650 0 |a Persuasion (Rhetoric) 
999 |a MARS 
999 f f |s e9cfdb3e-bd59-35c2-9bd8-5d52533320ba  |i 3da47130-cebe-344a-9ab1-9aa2cc9a9e92  |t 0 
952 f f |p ric  |a Texas A&M University  |b Rellis Campus  |c Joint Library Facility  |d Remote Storage  |t 0  |e H97 .M36 1989  |h Library of Congress classification  |i unmediated -- volume  |m A14811878528 
998 f f |a H97 .M36 1989  |t 0  |l Remote Storage